00707nam a22002297a 4500003000500000005001700005008004100022010001100063011001100074035001100085040000900096110000800105245013000113260002300243300001500266490004300281650003100324650003500355700002500390700001900415830004300434CHAP20220817044515.0120229s1984 it a r 00010 eng d a102871 a103843 a114532 cCHAP2 aFAO14aThe UK catering market for fishery products :ban appraisal for Latin American exportersc/por James A. Young y Sarah Maddock aRome :bFAO,c1990 aiii, 40 p. 0aFAO. Globefish research programmev; 814aMercadeoxInvestigación.14aProductos pesquerosxMercadeo.0 aYoung, James Albert.1 aMaddock, Sarah 0aFAO. Globefish research programmev; 8